000 00412nam a2200157Ia 4500
008 230524s9999 xx 000 0 und d
082 _a612
_bCHA
100 _aB D Chaurasia
_925437
245 0 _aHuman Anatomy V-2 Regional & Applied Dissection & Clinical-( )
250 _a4TH
260 _aNEW DELHI
_bCBS
_c2006
300 _aXVI;414
500 _aQuantity Number: 1
650 _aBiomedical
942 _cBK
999 _c37463
_d37463